Dragon Ball Z Characters - Statistics

General Stats
  • This quiz has been taken 573 times
    569 since last reset
  • The average score is 28 of 50
Answer Stats
Hint Answer % Correct
The face of the DB franchise Goku
99%
AKA The Great Saiyaman Gohan
96%
Younger brother of The Golden Fighter Goten
92%
Travels back in time to warn the Z fighters about the Androids Trunks
92%
THE PRINCE OF ALL SAIYANS Vegeta
92%
Fusion of the 2 above characters Gotenks
87%
This Super Saiyan is "Legendary" Broly
79%
The first ever Super Saiyan Bardock
76%
Founder of The Turtle School for Martial Arts Master Roshi
74%
Only female Android AKA Lazuli Android 18
72%
Responsible for the destruction of Planet Namek Frieza
71%
Female support character who's the second longest running in the franchise Bulma
68%
Akira Toriyama stated this badass Namekian as his favourite character Piccolo
68%
Comic relief character known for dying frequently Krillin
67%
Human with a literal third eye Tien Shinhan
67%
Everyone hates on this human for his anti-climactic death in season 1 Yamcha
67%
This villain (now friend) of many forms has a serious sweet tooth Buu
64%
Android 20's real name Dr Gero
63%
The Ultimate Fighter created by Android 20 Cell
62%
The Guardian of Earth Kami
62%
Physically based on Android 20's dead son Android 16
59%
Teaches the lead character the Kaio-Ken technique King Kai
59%
The above absorbs this Namekian in an attempt to defeat the son of King Cold Nail
56%
Controversial right-hand man the the above Mr Popo
55%
Members of the Ginyu Force: Leader Captain Ginyu
54%
Nagging wife of the main character Chi Chi
54%
Fusion of the 2 main Sayains Gogeta/Vegito
53%
The Great Saiyawoman Videl
53%
Unseen wife of the above Gine
50%
Red Magma Jeice
50%
Earth's dragon Shenron
50%
Blue Hurricane Burter
49%
Time-stopper Guldo
47%
Tough but dumb Recoome
47%
The first Android to turn "Super" Android 13
45%
Self-destructs in an attempt to defeat an evil Saiyan sidekick Chiaotzu
45%
Changes personality everytime she sneezes Launch
45%
Carries a handgun just for fun Android 17
44%
Successfully defends against a self-destruction attempt Nappa
44%
"Evil Goku" Turles
39%
Name of the dog who's death enrages the above Bee
37%
Releases the main villain of the final Saga Babidi
36%
Character introduced 2 episodes from the series finale Uub
36%
Physically resembles The Devil Dabura
35%
Namek's dragon Porunga
35%
Wears the Potara Earrings Supreme Kai
32%
Wields a samurai sword Yajirobe
25%
Releases the Black Water Mist Garlic Jr
22%
Worlds richest man Dr Briefs
20%
Defeats the Ultimate Fighter in HIFL Pikkon
10%
No matching quizzes found
Score Distribution
Percent of People with Each Score
Percentile by Number Answered
Your Score History
You have not taken this quiz since the last reset